Detalles MARC
| 000 -LÍDER |
| Campo fijo de descripción fija |
01941aam a2200373 i 4500 |
| 001 - NÚMERO DE CONTROL |
| Campo de control |
768714001 |
| 003 - IDENTIFICADOR DEL NÚMERO DE CONTROL |
| Campo de control |
CO-MdFUSB |
| 005 - FECHA Y HORA DE LA ULTIMA TRANSACCIÓN |
| control field |
20250522122201.0 |
| 007 - CAMPO FIJO DE DESCRIPCIÓN FIJA--INFORMACIÓN GENERAL |
| Campo fijo de descripción fija |
ta |
| 008 - ELEMENTOS DE LONGITUD FIJA -- INFORMACIÓN GENERAL |
| Campo fijo de descripción fija -- Información general |
160726t1955 enk |||| |||| 00| 0 eng d |
| 020 ## - NÚMERO INTERNACIONAL NORMALIZADO PARA LIBROS |
| Número Internacional Normalizado del libro |
No lo incluye |
| 040 ## - FUENTE DE CATALOGACIÓN |
| Agencia de catalogación original |
CO-MdFUSB |
| Idioma de catalogación |
Español |
| Agencia que realiza la transcripción |
CO-MdFUSB |
| Agencia que realiza la modificación |
CO-MdFUSB |
| 041 ## - CÓDIGO DE IDIOMA |
| Código de idioma para texto/pista de sonido o título separado |
eng |
| 082 04 - NÚMERO DE CLASIFICACIÓN DECIMAL DEWEY |
| Número de clasificación |
24 |
| Número de la edición del Dewey |
248.4 |
| Clave de autor-Numero de item |
K47g |
| 100 1# - ASIENTO PRINCIPAL--NOMBRE PERSONAL |
| Nombre personal |
Kierkegaard, S. |
| Término relacionador |
autor |
| 240 ## - TITULO UNIFORME |
| Título uniforme |
<a href="Lidelsernes evangelium">Lidelsernes evangelium</a> |
| 245 10 - TÍTULO |
| Título del Material |
Gospel of sufferings : |
| Parte restante del título - Subtitulo |
christian discourses, being the third part of Edifying disourses in a different vein, published in 1847 at Copenhagen |
| Mención de responsabilidad, etc. |
/ S. Kierkegaard ; traducido por A. S. Aldworth , W. S. Ferrie |
| 246 ## - FORMA VARIANTE DEL TITULO |
| Título propiamente dicho/forma breve del título |
Lidelsernes evangelium |
| 264 #1 - PRODUCCIÓN, PUBLICACIÓN, DISTRIBUCIÓN, MANUFACTURA, Y COPYRIGHT |
| Lugar de producción, publicación, distribución, manufactura |
London : |
| Nombre del productor, publicador, distribuidor |
James Clarke |
| Fecha de producción, publicación, distribución, manufactura, o copyright |
[1955] |
| 264 #4 - PRODUCCIÓN, PUBLICACIÓN, DISTRIBUCIÓN, MANUFACTURA, Y COPYRIGHT |
| Fecha de producción, publicación, distribución, manufactura, o copyright |
©1955 |
| 300 ## - DESCRIPCIÓN FÍSICA |
| Extensión |
150 páginas |
| 336 ## - TIPO DE CONTENIDO |
| Fuente |
rdacontent |
| Término de tipo de contenido |
texto |
| Código de tipo de contenido |
txt |
| 337 ## - TIPO DE MEDIO |
| Fuente |
rdamedia |
| Nombre del tipo de medio |
sin mediación |
| Código del tipo de medio |
n |
| 338 ## - TIPO DE SOPORTE |
| Fuente |
rdacarrier |
| Nombre del tipo de soporte |
volumen |
| Código Tipo de soporte |
nc |
| 500 ## - NOTA GENERAL |
| Nota General |
Título original en danés: Lidelsernes evangelium |
| 505 ## - NOTA DE CONTENIDO |
| Nota de contenido con formato preestablecido |
El concepto de seguir a Cristo - ¿Cómo puede ser liviana la carga, ya que el sufrimiento es pesado? - La alegría en la idea de que la escuela de los sufrimientos nos forma para la eternidad - La alegría en la idea de que delante de Dios el hombre siempre se será culpable - La alegría en la idea de que el camino no es estrecho, pero la estrechez es el camino - La alegría en la idea de que incluso cuando el sufrimiento del tiempo es más pesado, la bienaventuranza de la eternidad es aún mayor que él - La alegría en la idea de que en el medio del sufrimiento, el coraje puede arrebatar al mundo su poder, y puede cambiar el desprecio por el honor, el desastre por el triunfo. |
| 563 ## - NOTA DE ENCUADERNACIÓN |
| Nota de encuadernación |
Pasta dura |
| 650 #0 - ASIENTO SECUNDARIO DE MATERIA - TERMINO TEMÁTICO |
| 9 (RLIN) |
19 |
| Término temático o nombre geográfico como elemento de entrada |
Vida cristiana |
| 700 ## - ASIENTO SECUNDARIO - NOMBRE PERSONAL |
| Nombre personal |
Aldworth, Amelia Stewart, |
| 9 (RLIN) |
11564 |
| Responsabilidad |
traductor |
| 700 ## - ASIENTO SECUNDARIO - NOMBRE PERSONAL |
| Nombre personal |
Ferrie, William Stewart, |
| 9 (RLIN) |
11565 |
| Responsabilidad |
traductor |
| 942 ## - TIPO DE MATERIAL (KOHA) |
| Tipo de Item KOHA |
Libros General |
| 945 ## - INFORMACIÓN LOCAL DEL REGISTRO |
| Catalogador |
JTF-925 |